000 00682nam a22001937a 4500
003 BUBTL
008 190506b xxu||||| |||| 00| 0 eng d
020 _a984-18-02-76-7
082 _a891.443 / CHS
100 _92324
_aচক্রবর্তী, শিবরাম
245 _aশ্রেষ্ঠ গল্প /
_cশিবরাম চক্রবর্তী
250 _a2nd ed.
260 _aঢাকা :
_bবিশ্বসাহিত্য কেন্দ্র,
_cc2013
300 _a263 p. :
_c22 cm.
650 0 _91689
_aবাংলা সাহিত্য
856 _k0
_l0
_yDownload
942 _2ddc
_cBK
999 _c6039
_d6039